Sobre la cooperación y la formación tecnológica y profesional VI Encuentro Europa-América latina

Gespeichert in:
Bibliographische Detailangaben
Körperschaft: Sobre la cooperación y la formación tecnológica y profesional. Encuentro
Format: Buch
Sprache:Spanisch
Französisch
Veröffentlicht: Valparaíso Universidad Tecnica Federico Santa Maria 2008
Schlagworte:
Tags: Tag hinzufügen
Keine Tags, Fügen Sie das erste Tag hinzu!

MARC

LEADER 00000nlm$a2200000$$$4500
001 0088539
005 20240109070227.3
041 0 |a spa 
041 0 |a fre 
044 |a CL 
245 1 0 |a Sobre la cooperación y la formación tecnológica y profesional  |b VI Encuentro Europa-América latina 
264 1 |a Valparaíso  |b Universidad Tecnica Federico Santa Maria  |c 2008 
300 |a CD-ROM 
610 2 0 |a spolupráca medzinárodná 
610 2 0 |a Európa 
610 2 0 |a Latinská Amerika 
110 2 |a Sobre la cooperación y la formación tecnológica y profesional. Encuentro